| 000 | 01041nam a2200301 i 4500 | ||
|---|---|---|---|
| 001 | bg | ||
| 100 | 1 | _aGLYNN, John J. | |
| 245 | 1 | 0 |
_aRachunkowość dla menedżerów / _cJohn J. Glynn, John Perrin, Michael P. Murphy ; przekł. Jadwiga i Antoni Stolarek. |
| 246 |
_iTyt. oryg.: _aAccounting for managers |
||
| 260 |
_aWarszawa : _bWydaw. Naukowe PWN, _c2003. |
||
| 300 |
_a567, [1] s. : _bil. ; _c24 cm. |
||
| 500 | _aTyt. oryg.: "Accounting for managers" 1998. | ||
| 504 | _aBibliogr. Indeks. | ||
| 650 | 9 | _aRachunkowość zarządcza | |
| 655 | _aPodręczniki | ||
| 700 | 1 | _aPERRIN, John | |
| 700 | 1 | _aMURPHY, Michael P. | |
| 700 | 1 |
_aSTOLAREK, Jadwiga. _eTł. |
|
| 700 | 1 |
_aSTOLAREK, Antoni. _eTł. |
|
| 020 | _a8301139196 | ||
| 040 | _cBPK | ||
| 041 | 1 |
_apol _heng |
|
| 080 | _a657:658.1/.5.012.4](07) | ||
| 920 | _a83-01-13919-6 | ||
| 942 | _cKS | ||
| 008 | s pl f |000 0 pol | ||
| 999 |
_c43322 _d43322 |
||
| 856 |
_uhttp://koha.tu.koszalin.pl/cgi-bin/koha/opac-detail.pl?biblionumber=43322 _yKatalog online BPK |
||